000 00657nam a2200229 a 4500
999 _c1163
_d1163
001 1163
003 BD-JhCC
005 20171016170757.0
008 171016s2005 bg |||| ||a| 001 0 ben d
020 _a9844018129
035 _a(BD-JhCC) 1163
040 _aBD-JhCC
_dBD-JhCC
041 _aben
082 _a891.4409
_bAZA 2005
100 _aআজাদ, হুমায়ুন
245 _aআধার ও আধেয় /
_cহুমায়ুন আজাদ
260 _aঢাকা:
_bআগামী প্রকাশনী,
_c2005
300 _a240 p. :
_c22 cm.
650 _aBengali Literature
942 _2ddc
_cBK